000 00216 a2200097 4500
001 11369
100 _aWheeler, G.
245 _aThe People of Soviet Central Asia
260 _a
_bBodley Head
_c
090 _c8917
_d8917
942 _aNUST-CAE
_c
_c35730
999 _c246442
_d246442